[Event "Mistrovstvi Cech 2019 - HD14"]
[Site "Prichovice u Korenova"]
[Date "2019.11.01"]
[Round "8"]
[White "Valdman, Jakub"]
[Black "Prazak, Daniel"]
[Result "0-1"]
[WhiteElo "1357"]
[BlackElo "1725"]
[EventDate "2019.10.26"]

1. e4  e6 2. d4  d5  3. e5
c5  4. c3  Nc6
5. Nf3  Bd7  6. Be2  Nge7
7. O-O  Ng6  8. g3
Be7  9. h4  O-O
10. h5  Nh8  11. Bf4  Qb6
12. Qd2  cxd4  13. cxd4
f6  14. Nc3  Nf7
15. exf6  Bxf6  16. Na4
Qd8  17. Nc5  b6
18. Nxd7  Qxd7  19. Bb5
Nd6  20. Bxd6  Qxd6
21. Rfe1  Rf7  22. Rac1
Rc7  23. Rc3  a6
24. Ba4  Rac8  25. Rce3
Re7  26. Ne5  b5
27. Nxc6  Qxc6  28. Bb3
Qe8  29. Qb4  Rd8
30. g4  g6  31. Rg3
gxh5  32. gxh5+  Rg7
33. Rxg7+  Bxg7 34. Bd1  Qf7
35. Bg4  Re8  36. Qd6
Bxd4  37. Bxe6  Rxe6
38. Qxe6  Bxf2+  39. Kh1
Bxe1  40. Qc8+  Kg7
41. Qg4+  Kh6  42. Qd4
Qf1+  0-1

[Event "Mistrovstvi Cech 2019 - HD14"]
[Site "Prichovice u Korenova"]
[Date "2019.11.01"]
[Round "8"]
[White "Stejskal, Michal"]
[Black "Duriancik, Michal"]
[Result "1-0"]
[WhiteElo "1691"]
[BlackElo "1593"]
[EventDate "2019.10.26"]

1. e4  c5  2. Nf3  e6
3. d3  Nc6  4. g3
d5  5. Nbd2  Nf6
6. Bg2  Be7  7. O-O
O-O  8. Re1  Qc7
9. Qe2  Re8  10. Nf1
Bd7  11. e5  Ng4
12. h3  Nh6  13. Bxh6
gxh6  14. Qd2  Bf8
15. N1h2  Kh8  16. Ng4
Bg7  17. Nxh6  Bxh6
18. Qxh6  Rg8  19. h4
Qd8  20. Ng5  Rg7
21. a3  Nd4  22. Rac1
Rc8  23. Qf6  Be8
24. Qf4  b5  25. Nh3
a5  26. c4  dxc4
27. dxc4  bxc4  28. Be4
Bb5  29. Ng5  Qe7
30. Qf6  Qxf6  31. exf6
Rxg5  32. hxg5  c3
33. bxc3  Ne2+  34. Rxe2
Bxe2  35. Kg2  Rb8
36. Rh1  h5 37. gxh6  Rb3
38. h7  Rb6  39. Rb1
Rxb1  40. Bxb1  Bd1
41. Kh3  Bf3  42. Kh4
Be2  43. g4  Bf3
44. g5  1-0

[Event "Mistrovstvi Cech 2019 - HD14"]
[Site "Prichovice u Korenova"]
[Date "2019.11.01"]
[Round "8"]
[White "Sip, Marek"]
[Black "Papousek, Michal"]
[Result "1/2-1/2"]
[WhiteElo "1553"]
[BlackElo "1717"]
[EventDate "2019.10.26"]

1. d4  Nf6  2. Nf3  c5
3. c4  cxd4  4. Nxd4
e5  5. Nb5  d5
6. e3  a6  7. N5a3  Bb4+
8. Bd2  Bxd2+  9. Qxd2
O-O  10. cxd5  b5
11. Be2  Bb7  12. O-O
Bxd5  13. Rd1  Nbd7
14. Nc2  Nc5  15. Nc3
Bb7  16. Qe1  Qb6
17. a3  Rac8  18. Nb4
Rfd8  19. Bf1  Nce4
20. Nxe4  Nxe4  21. Rac1
Rxc1  22. Rxd8+  Qxd8
23. Qxc1  g6  24. Nd3
Qd6  25. b4  Bd5
1/2-1/2

[Event "Mistrovstvi Cech 2019 - HD14"]
[Site "Prichovice u Korenova"]
[Date "2019.11.01"]
[Round "8"]
[White "Stastny, Simon"]
[Black "Benes, Jachym"]
[Result "0-1"]
[WhiteElo "1474"]
[BlackElo "1656"]
[EventDate "2019.10.26"]

1. e4 e5 2. Nf3 Nc6 3. d4 exd4 4. Nxd4 Be7 5. Nc3 Nf6 6. Bc4 O-O 7. O-O Re8 8.
Re1 d6 9. Bg5 h6 10. Bh4 Ne5 11. Bb3 a6 12. Nd5 Nxd5 13. Bxe7 Nxe7 14. f4 N5c6
15. Qh5 Rf8 16. Re3 Nxd4 17. Rg3 Nef5 18. exf5 Nxf5 19. Rg6 Qh4 20. Bxf7+ Rxf7
0-1

[Event "Mistrovstvi Cech 2019 - HD14"]
[Site "Prichovice u Korenova"]
[Date "2019.11.01"]
[Round "8"]
[White "Pecka, Jan"]
[Black "Pejrimovsky, Tadeas Rubel"]
[Result "1-0"]
[WhiteElo "1634"]
[BlackElo "1444"]
[EventDate "2019.10.26"]

1. e4  c5  2. Nf3  e6
3. c3  d5  4. exd5
exd5  5. d4  cxd4
6. Nxd4  Nf6  7. Bf4
Be7  8. Nd2  O-O
9. Be2  Be6  10. O-O
Nc6  11. N2b3  Rc8
12. Nxc6  bxc6  13. Ba6
Qb6  14. Bxc8  Rxc8
15. h3  c5  16. Qe2
Qc6  17. Bh2  Qd7
18. Rad1  Rc6  19. Rfe1
Bf8  20. Nd2  Bxh3
21. gxh3  Qxh3  22. Qf3
Qh4  23. Bg3  Qh3
24. c4  Ng4  25. Qh1
Qxh1+  26. Kxh1  dxc4
27. Nxc4  Rh6+  28. Kg2
Ra6  29. Rd8  Nf6
30. Bd6 1-0

[Event "Mistrovstvi Cech 2019 - HD14"]
[Site "Prichovice u Korenova"]
[Date "2019.11.01"]
[Round "8"]
[White "Zalusky, Matej"]
[Black "Svacina, Tobias"]
[Result "0-1"]
[WhiteElo "1617"]
[BlackElo "1538"]
[EventDate "2019.10.26"]

1. Nf3  d5  2. g3  Bg4
3. Bg2  g6  4. O-O
Bg7  5. c3  Bxf3
6. Bxf3  Nf6  7. d4
O-O  8. Nd2  c6
9. e4  dxe4  10. Nxe4  Nbd7
11. Re1  Nxe4  12. Bxe4
Nf6  13. Bg2  Nd5
14. Be3  e6  15. Qd2
Qb6  16. Rab1  Rad8
17. Bh6  Qa5  18. Bxg7
Kxg7  19. Rbd1  Nb6
20. Qc2  Rfe8  21. h4
e5  22. dxe5  Rxd1
23. Rxd1  Qxa2  24. f4
Nc4  25. Kf2  Re7
26. Be4  Qxb2  27. Qxb2
Nxb2  28. Ra1  a6
29. Ke2  Rd7  30. g4
Nc4  31. Ra2  Nb6
32. Ra3  h6  33. Bg2
Nc4  34. Ra2  g5
35. Ra4  Rd2+  36. Kf3
Nxe5+  37. fxe5  gxh4
38. Bf1  h3  39. Bxh3
Rd3+  40. Kg2  Rxc3
41. Kh2  Rc5  42. g5
Rxe5  43. gxh6+  Kxh6
44. Bc8  Rb5  45. Kg3
Kg6  46. Rd4  Rb3+
47. Kf4  a5  48. Rd7
Rb4+  49. Ke3  b5
50. Rd6+  f6  51. Rxc6
Rb3+  52. Kd2  a4
53. Kc2  Rb4  54. Kc3
Rf4  55. Be6  b4+
56. Kb2  Rf2+  57. Rc2
Rxc2+  58. Kxc2  f5
59. Bd7  a3  60. Be6
Kf6  61. Bg8  f4
62. Kb3  f3  63. Kc2
f2  64. Bc4  Ke5
65. Ba6  Kd4  66. Kb3
Ke3  67. Ka2  Kd2
68. Ka1  Ke1  0-1

[Event "Mistrovstvi Cech 2019 - HD14"]
[Site "Prichovice u Korenova"]
[Date "2019.11.01"]
[Round "8"]
[White "Juchelka, Marek"]
[Black "Simunek, Jakub Simon"]
[Result "1/2-1/2"]
[WhiteElo "1604"]
[BlackElo "1543"]
[EventDate "2019.10.26"]

1. c4 e6 2. Nc3 d5 3. d4 f5 4. Nf3 Nf6 5. Bf4 c6 6. e3 Nbd7 7. Bd3 Ne4 8. Ne5
Ndf6 9. Qc2 Be7 10. f3 Nxc3 11. bxc3 dxc4 12. Bxc4 Nd5 13. Bxd5 cxd5 14. Qa4+ Bd7
15. Qxd7+ Qxd7 16. Nxd7 Kxd7 17. Be5 Rhc8 18. Kd2 Rc4 19. Rab1 b6 20. Rb3 Ra4 21.
Ra1 Rc8 22. g3 g6 23. a3 Rac4 24. Rc1 Kc6 25. Rcb1 Kb7 26. g4 fxg4 27. fxg4 Rf8
28. Bf4 Ra4 29. Ra1 a6 30. Bg3 h5 31. gxh5 gxh5 32. Bf4 Rg8 33. Kd3 Rg2 34. Be5
Kc6 35. Bf4 b5 36. Be5 a5 37. Bf4 b4 38. cxb4 axb4 39. Rc1+ Kb5 40. axb4 Bxb4 41.
Rc5+ Kb6 42. Rc2 Rxc2 43. Kxc2 Kb5 44. Bd6 Ra2+ 45. Kb1 Ra4 1/2-1/2

[Event "Mistrovstvi Cech 2019 - HD14"]
[Site "Prichovice u Korenova"]
[Date "2019.11.01"]
[Round "8"]
[White "Pejrimovska, Viola Ruby"]
[Black "Markova, Karolina"]
[Result "1-0"]
[WhiteElo "1583"]
[BlackElo "1455"]
[PlyCount "61"]
[EventDate "2019.10.26"]

1. e4 e6 2. Nf3 d5 3. e5 c5 4. b4 Nc6 5. bxc5 Bxc5 6. d4 Be7 7. c3 f6 8. Bd3
Qc7 9. Bf4 fxe5 10. Nxe5 Bd6 11. Qh5+ Kf8 12. Ng6+ hxg6 13. Bxd6+ Qxd6 14. Qxh8
e5 15. O-O Qf6 16. g3 exd4 17. Qh4 g5 18. Qh5 dxc3 19. Na3 d4 20. f4 g4 21.
Rae1 Bd7 22. Qg5 a6 23. Nc4 Rd8 24. Ne5 Nge7 25. Qh5 Be8 26. Qh8+ Ng8 27. Bc4
Nce7 28. Nxg4 Qg6 29. f5 Qh5 30. f6 Bf7 31. fxe7+ 1-0

*

[Event "Mistrovstvi Cech 2019 - HD14"]
[Site "Prichovice u Korenova"]
[Date "2019.11.01"]
[Round "8"]
[White "Le, Anh Dung"]
[Black "Fotr, Michal"]
[Result "0-1"]
[WhiteElo "1575"]
[BlackElo "1430"]
[EventDate "2019.10.26"]
[PlyCount "46"]

1. e4 e5 2. Nf3 Nf6 3. Nxe5 d6 4. Nxf7 Kxf7 5. Nc3 c5 6. Bc4+ Be6 7. Bxe6+ Kxe6
8. O-O Nc6 9. f4 Be7 10. Qf3 Kf7 11. d3 Nd4 12. Qf2 Ng4 13. Qd2 Re8 14. h3 Nf6
15. e5 Nd7 16. Ne4 dxe5 17. fxe5+ Kg8 18. c3 Nc6 19. d4 cxd4 20. cxd4 Qb6 21.
Rd1 Ncxe5 22. Kh1 Ng6 23. Qd3 Nf6 0-1

[Event "Mistrovstvi Cech 2019 - HD14"]
[Site "Prichovice u Korenova"]
[Date "2019.11.01"]
[Round "8"]
[White "Seidl, Jan"]
[Black "Madle, Robin"]
[Result "1/2-1/2"]
[WhiteElo "1396"]
[BlackElo "1481"]
[PlyCount "120"]
[EventDate "2019.10.26"]

1. d4 Nf6 2. c4 g6 3. g3 Bg7 4. Bg2 d5 5. cxd5 Nxd5 6. e4 Nb6 7. Be3 O-O 8. Nc3
Nc4 9. Qd3 Nxe3 10. fxe3 c5 11. Nge2 cxd4 12. exd4 Nc6 13. Rd1 Bg4 14. e5 Qd7
15. O-O Rad8 16. Qb5 Bxe2 17. Nxe2 Nxe5 18. Qxd7 Nxd7 19. Bxb7 Rb8 20. Bc6 Rxb2
21. Nf4 Nf6 22. a4 Ng4 23. Rfe1 e6 24. Bf3 Nf6 25. Nd3 Rb3 26. Kf2 Nd5 27. Nc5
Rb2+ 28. Kg1 Rc8 29. Bxd5 exd5 30. Nd7 Rb7 31. Ne5 Re8 32. Kg2 Bxe5 33. dxe5
Rd7 34. Kf3 f6 35. exf6 Rxe1 36. Rxe1 Kf7 37. Ke3 Kxf6 38. Kd4 Rd6 39. Rf1+ Ke7
40. Re1+ Re6 41. Rb1 Kd6 42. Rb7 Re4+ 43. Kd3 Rxa4 44. Rxh7 a5 45. Rh6 Kc5 46.
Rxg6 Ra3+ 47. Kc2 Ra2+ 48. Kd3 Rxh2 49. Ra6 Kb4 50. Rd6 Rh3 51. Rxd5 Rxg3+ 52.
Kc2 Rg4 53. Kb2 Rg2+ 54. Kb1 Rg3 55. Rh5 a4 56. Rh1 Kb3 57. Ka1 a3 58. Rf1 a2
59. Rh1 Rg2 60. Rh3+ Kc4 1/2-1/2

[Event "Mistrovstvi Cech 2019 - HD14"]
[Site "Prichovice u Korenova"]
[Date "2019.11.01"]
[Round "8"]
[White "Nagyova, Daniela"]
[Black "Pisar, Tomas"]
[Result "1/2-1/2"]
[WhiteElo "1532"]
[BlackElo "1355"]
[EventDate "2019.10.26"]
[PlyCount "96"]

1. e4 e5 2. Nf3 Nc6 3. Bc4 Nf6 4. d4 exd4 5. e5 d5 6. Bb5 Ne4 7. Nxd4 Bd7 8.
Bxc6 bxc6 9. O-O Bc5 10. f3 Ng5 11. f4 Ne4 12. Be3 O-O 13. Nd2 Nxd2 14. Qxd2
Bb6 15. Nb3 Qe7 16. Rad1 f6 17. Qc3 Rae8 18. Nc5 Bg4 19. Rde1 fxe5 20. fxe5
Rxf1+ 21. Rxf1 Qxe5 22. Bd4 Qe7 23. b4 Rf8 24. Re1 Qf7 25. h3 Bf5 26. Rf1 Qg6
27. Qf3 Rf7 28. Qe3 Bxc5 29. Bxc5 Be4 30. Qe2 Rxf1+ 31. Qxf1 Qf7 32. Qa6 h6 33.
Qxc6 Bxc2 34. Bxa7 Be4 35. Bb8 Qe7 36. b5 d4 37. Qxc7 Qxc7 38. Bxc7 Kf7 39. a4
Ke6 40. Kf2 Kd7 41. Be5 d3 42. g3 g6 43. Bf4 h5 44. Bd2 Kc8 45. g4 Kb7 46. gxh5
gxh5 47. a5 Bd5 48. h4 Bc4 1/2-1/2

[Event "Mistrovstvi Cech 2019 - HD14"]
[Site "Prichovice u Korenova"]
[Date "2019.11.01"]
[Round "8"]
[White "Zemanova, Nikola"]
[Black "Havelkova, Beata"]
[Result "1/2-1/2"]
[WhiteElo "1490"]
[BlackElo "1328"]
[PlyCount "72"]
[EventDate "2019.10.26"]

1. d4 Nf6 2. c4 g6 3. Nc3 d5 4. Nf3 Bg7 5. Bf4 c5 6. e3 O-O 7. Be2 dxc4 8. Bxc4
cxd4 9. Nxd4 Qa5 10. Nde2 Ne4 11. Qb3 Na6 12. Qb5 Qxb5 13. Bxb5 Nxc3 14. Nxc3
Bxc3+ 15. bxc3 Nc5 16. O-O Be6 17. f3 a6 18. Be2 Rac8 19. Be5 Na4 20. Rfc1 f6
21. Bd4 Bc4 22. Bd1 Nb2 23. Bb3 e5 24. Bb6 Rc6 25. Ba5 Rfc8 26. Rab1 Nd3 27.
Rd1 Bxb3 28. axb3 Nc5 29. Bb4 Ne6 30. Rd7 R8c7 31. Rxc7 Rxc7 32. Rd1 Rc6 33.
Rd7 b6 34. Rd6 Rxd6 35. Bxd6 Kf7 36. Kf2 Nc5 1/2-1/2

[Event "Mistrovstvi Cech 2019 - HD16"]
[Site "Prichovice u Korenova"]
[Date "2019.11.01"]
[Round "8"]
[White "Ret, Adam Josef"]
[Black "Jares, Michal"]
[Result "1/2-1/2"]
[WhiteElo "2047"]
[BlackElo "1922"]
[EventDate "2019.10.26"]

1. d4  Nf6  2. Nf3  g6
3. g3  Bg7  4. Bg2
O-O  5. b3  c5
6. Bb2  d6  7. O-O  Nbd7
8. c4  cxd4  9. Nxd4
Nc5  10. Nc3  Rb8
11. Qd2  Bd7  12. h3
a6  13. Rad1  b5
14. cxb5  axb5  15. b4
Na4  16. Nxa4  bxa4
17. a3  Qb6  18. Rc1
Rfc8  19. e3  e5
20. Ne2  Be6  21. Nc3
Bc4  22. Rfe1  Qa6
23. Nd5  Nxd5  24. Bxd5
Bxd5  25. Qxd5  Bf8
26. Qd2  Qb5  27. Rc3
Rxc3  28. Qxc3  Qd5
29. e4  Qe6  30. Qc2
Qxh3  31. Qxa4  h5
32. Rc1  h4  33. Qb3
Bh6  34. Rc7  Rf8
35. b5  Qg4  36. Qd3
hxg3  37. fxg3  d5
38. exd5  e4  39. Qc3
Qd1+  40. Kg2  Qe2+
41. Kh3  f6  42. Rc8
Qh5+  43. Kg2  Qf3+
44. Kh2  Qf2+  45. Kh1
Qf1+  46. Kh2  Qf2+
47. Kh1  Qf1+  48. Kh2
1/2-1/2

[Event "Mistrovstvi Cech 2019 - HD16"]
[Site "Prichovice u Korenova"]
[Date "2019.11.01"]
[Round "8"]
[White "Hosnedl, Matyas"]
[Black "Habenicht, Martin"]
[Result "0-1"]
[WhiteElo "1930"]
[BlackElo "1839"]
[EventDate "2019.10.26"]

1. e4  d5  2. exd5  Nf6
3. Bb5+  Bd7  4. Be2
Bf5  5. d4  Nxd5
6. Nf3  e6  7. O-O
Be7  8. a3  Nc6
9. c4  Nb6  10. Nc3  Bf6
11. Be3  O-O  12. h3
Na5  13. b3  c5
14. Rc1  cxd4  15. Bxd4  Nc6
16. Bc5  Qxd1  17. Rfxd1
Rfd8  18. Nb5  Rxd1+
19. Bxd1  Bb2  20. Rc2
Bxc2  21. Bxc2  Nd7
22. Be3  a6  23. Nd6
Bxa3  24. Nxb7 Rb8  25. Be4
Rxb7  26. Bxc6  Rc7
27. Bxd7  Rxd7  28. Kf1
Rb7  29. Ke2  Rxb3
30. Kd2  Kf8  31. Kc2
Rb7  32. Kc3  Bb2+
33. Kc2  Bf6  34. c5
Ke8  35. Kd3  a5
36. Nd2  a4  37. Nc4
Rb3+  0-1

[Event "Mistrovstvi Cech 2019 - HD16"]
[Site "Prichovice u Korenova"]
[Date "2019.11.01"]
[Round "8"]
[White "Hejsek, Lukas"]
[Black "Rokos, Filip"]
[Result "0-1"]
[WhiteElo "1887"]
[BlackElo "2065"]
[EventDate "2019.10.26"]

1. d4  Nf6  2. Nf3  e6
3. c4  d5  4. g3
Be7  5. Bg2  O-O
6. O-O  dxc4  7. Qc2
a6  8. Qxc4  b5
9. Qc2  Bb7  10. Bd2  Be4
11. Qc1  Bb7  12. e3
Nbd7  13. Ba5  Bd6
14. Rd1  Rc8  15. Ne5
Bxg2  16. Kxg2  Qe8
17. Nc6  Nb6  18. Ne5
Nfd7  19. Nxd7  Qxd7
20. Nd2  c5  21. d5
Nxd5  22. Ne4  Qc6
23. f3  Be7  24. Nf2
Bd8  25. Bd2  Bf6
26. Ng4  Be7  27. e4
Nb6  28. Bg5  Bxg5
29. Qxg5  f6  30. Qh5
Rcd8  31. Rac1  c4
32. Qh4  Rd7  33. e5
f5  34. Nf2  b4
35. Rxd7  Qxd7  36. Rd1  Qc7
37. Rd6  Nd5  38. Nh3
h6  39. Nf4  Nxf4+
40. Qxf4  c3  41. bxc3
bxc3  42. Qc1  c2
43. Rd2  Rc8  44. h3
Qc5  45. f4  Kh7
46. Kf3  Qc3+  47. Kf2
Qxd2+  0-1

[Event "Mistrovstvi Cech 2019 - HD16"]
[Site "Prichovice u Korenova"]
[Date "2019.11.01"]
[Round "8"]
[White "Krizek, Krystof"]
[Black "Nemec, Jachym"]
[Result "1/2-1/2"]
[WhiteElo "1980"]
[BlackElo "1845"]
[EventDate "2019.10.26"]

1. e4  c5  2. Nf3  d6
3. d4  cxd4  4. Nxd4
Nf6  5. Nc3  a6
6. h4  e6  7. g4  Be7
8. g5  Nfd7  9. Be3
Nc6  10. Qd2  Nde5
11. Be2  Qc7  12. f4
Nd7  13. f5  Nde5
14. Rf1  Bd7  15. O-O-O
O-O-O  16. Nb3  g6
17. Na4  Rde8  18. Bb6
Qb8  19. f6  Bf8
20. Qc3  h6  21. Ba5
b5  22. Nb6+  Kb7
23. Nc5+  dxc5  24. Nxd7
Nxd7  25. Rxd7+  Kc8
26. Rc7+  Qxc7  27. Bxc7
Kxc7  28. e5  hxg5
29. hxg5  Rh2  30. Qe3
Rd8  31. Rd1  Nd4
32. Bd3  c4  33. c3
Nc6  34. Be4  Rxd1+
35. Kxd1  Rxb2  36. Bxc6
Kxc6  37. Qa7  Bc5
38. Qxf7  Kd5  39. Qxg6
b4  40. cxb4  Bxb4
41. Qh5  Rd2+  42. Kc1
c3  43. Qf3+  Kc5
1/2-1/2

[Event "Mistrovstvi Cech 2019 - HD16"]
[Site "Prichovice u Korenova"]
[Date "2019.11.01"]
[Round "8"]
[White "Janouch, Jachym Stepan"]
[Black "Hurtik, Matej"]
[Result "1-0"]
[WhiteElo "1819"]
[BlackElo "1924"]
[EventDate "2019.10.26"]

1. e4  c5  2. Nc3  Nc6
3. Bb5  g6  4. Bxc6
dxc6  5. d3  Bg7
6. Nge2  e5  7. O-O
Ne7  8. Ng3  Be6
9. Be3  b6  10. Qd2
h5  11. Nge2  Qc7
12. a3  Rd8  13. b3
O-O  14. Rad1  c4
15. bxc4  Bxc4  16. Bh6
f6  17. Bxg7  Kxg7
18. f4  c5  19. Ng3
Nc6  20. Nce2  Bg8
21. fxe5  Qxe5  22. Qe3
Nd4  23. Nxd4  cxd4
24. Qe2  Rc8  25. Rf2
Be6  26. Qd2  Rc6
27. Qb4  Bg4  28. Rc1
a5  29. Qb2  Rfc8
30. Nf1  Qc5  31. h3
Be6  32. Rb1  Qg5
33. Kh1  Qe5  34. Nh2
Rd8  35. Nf3  Qc5
36. Re2  Rdd6  37. e5
Rd5  38. exf6+  Kxf6
39. Rbe1  g5  40. Qc1
Rdd6  41. Re5  Qxc2
42. Qxg5+  Kf7  43. Nxd4
Rxd4  44. Rf1+  Ke8
45. Qg7  Rf4  46. Rfe1
Qb3  47. Rxh5  Rf8
48. Rh7  Qxa3  49. Qd7# 1-0

[Event "Mistrovstvi Cech 2019 - HD16"]
[Site "Prichovice u Korenova"]
[Date "2019.11.01"]
[Round "8"]
[White "Hofman, Krystof"]
[Black "Cibulka, Josef"]
[Result "1/2-1/2"]
[WhiteElo "2089"]
[BlackElo "1908"]
[EventDate "2019.10.26"]

1. Nf3  Nf6  2. g3  d6
3. Bg2  e5  4. d3
g6  5. O-O  Bg7
6. c4  O-O  7. Nc3  Nbd7
8. Rb1  c6  9. Nd2
Qc7  10. b4  Rb8
11. Nb3  b6  12. Qc2
Bb7  13. a4  d5
14. b5  dxc4  15. dxc4  c5
16. Nd5  Nxd5  17. cxd5
Nf6  18. e4  Ne8
19. Nd2  Nd6  20. Nc4
Rbe8  21. Bb2  Nxc4
22. Qxc4  Qd6  23. f4
f6  24. fxe5  fxe5
25. Rbe1  Bc8  26. Bc1
h6  27. h3  Bd7
28. Kh2  Kh7  29. Be3  Qc7
30. Ra1  Rxf1  31. Rxf1
Qd6  32. Ra1  Rc8
33. a5  Rc7  34. axb6
axb6  35. Bf1  Bc8
36. Be2  Rf7  37. Ra8
Bb7  38. Re8  Re7
39. Rxe7 Qxe7  40. Bg4  Qc7
41. Be6  Qe7  42. h4
Bf8  43. Kh3  Qd8
44. h5  Bc8  45. hxg6+
Kxg6  46. Bxc8 Qxc8+  47. Kg2
Bd6  48. Qe2  h5
49. Bc1  Qg4  50. Qe3
Kf7  51. Qf2+  Kg7
52. Qe3  Kf7  53. Qf2+
Ke7 1/2-1/2

[Event "Mistrovstvi Cech 2019 - HD16"]
[Site "Prichovice u Korenova"]
[Date "2019.11.01"]
[Round "8"]
[White "Jirousek, Jan"]
[Black "Ocelak, Jakub"]
[Result "1-0"]
[WhiteElo "2034"]
[BlackElo "1870"]
[EventDate "2019.10.26"]

1. e4  c5  2. Nf3  d6
3. d3  Nc6  4. g3
g6  5. Bg2  Bg7
6. O-O  e5  7. c3  Nge7
8. Ne1  Be6  9. Nd2
Qd7  10. Nc4  d5
11. exd5  Bxd5  12. Bxd5
Nxd5  13. Ng2  O-O
14. Qf3  Rad8  15. Rd1
Nc7  16. Be3  Ne6
17. Rac1  f5  18. Ne1
f4  19. gxf4  exf4
20. Bd2  b5  21. Na3
a6  22. Nac2  Ne5
23. Qh3  Rf5  24. d4
Nxd4  25. Kf1  Nxc2
26. Nxc2  Qd3+  27. Qxd3
Rxd3 28. Ne1  Rd7  29. Ng2
g5  30. h4  Nc4
31. Be1  1-0

[Event "Mistrovstvi Cech 2019 - HD16"]
[Site "Prichovice u Korenova"]
[Date "2019.11.01"]
[Round "8"]
[White "Zdechovsky, Tobias"]
[Black "Skypala, Ondrej"]
[Result "1/2-1/2"]
[WhiteElo "1782"]
[BlackElo "2016"]
[EventDate "2019.10.26"]

1. e4  e6  2. d4  d5
3. Nc3  Nf6  4. exd5
exd5  5. Bd3  Be7
6. Nge2  O-O  7. O-O
c6  8. a4  a5
9. Bf4  Bg4  10. Qd2  Na6
11. Ng3  Qd7  12. Rfe1
Rfe8  13. h3  Be6
14. Re3  Nb4  15. Be5
Nxd3  16. Qxd3  Qc8
17. f4  Nd7  18. Bxg7
Kxg7  19. f5  Nf6
20. fxe6  fxe6  21. Re5
Qd7  22. Rf1  Kh8
23. Qe3  Rg8  24. Nf5
Rae8  25. Nh6  Rg7
26. Re1  c5  27. Kh1
cxd4  28. Qxd4  Bd6
29. R5e2  e5  30. Qh4
Rg6  31. Rf1  Re6
32. Ref2  Be7  33. Nf7+
Kg8  34. Nh6+  Kh8
35. Nf7+  Kg7  36. Ng5
h6  37. Nxe6+ Qxe6  38. g4
d4  39. Ne2  Kg8
40. Qg3  Ne4  41. Qf3
Nxf2+  42. Rxf2  Rf6
43. Qg2  Rxf2  44. Qxf2
Qc6+  45. Qg2  Kf7
46. Qxc6  bxc6  47. Kg2
Ke6  48. Kf3  Kd5
49. Ng3  c5  50. Nf5
e4+  51. Ke2  Bg5
52. h4  Bf4  53. b3
Ke5  54. Ne7  Kd6
55. Nf5+  Ke6  56. Ng7+
Kf7  57. Nf5  Kf6
58. Kf2  h5  59. Ng3
e3+  60. Kf3  Bxg3
61. g5+  1/2-1/2

[Event "Mistrovstvi Cech 2019 - HD16"]
[Site "Prichovice u Korenova"]
[Date "2019.11.01"]
[Round "8"]
[White "Voriskova, Anna"]
[Black "Svejk, Martin"]
[Result "1-0"]
[WhiteElo "1960"]
[BlackElo "1858"]
[EventDate "2019.10.26"]

1. e4  g6  2. d4  Bg7
3. Nf3  d6  4. Bc4
e6  5. Qe2  Ne7
6. O-O  O-O  7. Bb3  b6
8. e5  d5  9. Bg5
c5  10. Rd1  Ba6
11. c4  Qc7  12. Na3
Nec6  13. Qe3  cxd4
14. Qf4  dxc4  15. Nxc4
Bxc4  16. Bxc4  Nxe5
17. Rac1  Qd6  18. Qh4
Nxf3+  19. gxf3  f6
20. Bf4  Qd7  21. Bxb8
Raxb8  22. Rxd4  Qc6
23. Re4  Rbe8  24. Bxe6+
Rxe6  25. Rxc6  Rxc6
26. Re7  a5  27. Qe4
Rc5  28. Qb7  Rg5+
29. Kf1  Bh6  30. Qxb6
Rh5  31. Qd6  Kh8
32. Rd7  Rg8  33. Ra7
Rb5  34. Qd7  1-0

[Event "Mistrovstvi Cech 2019 - HD16"]
[Site "Prichovice u Korenova"]
[Date "2019.11.01"]
[Round "8"]
[White "Handl, Petr"]
[Black "Brozka, Karel"]
[Result "0-1"]
[WhiteElo "1662"]
[BlackElo "1940"]
[EventDate "2019.10.26"]

1. e4  c6  2. Nc3  d5
3. exd5  cxd5  4. d4
Nc6  5. Nf3  Bg4
6. Be2  Nf6  7. h3
Bxf3  8. Bxf3  e6
9. Bg5  Qb6  10. Ne2
Qxb2  11. O-O  Be7
12. Re1  O-O  13. Qd3
Qb6  14. c3  Na5
15. Nf4  h6  16. Bxf6
Bxf6  17. Nh5  Qd8
18. Qb5  b6  19. Rac1
Rc8  20. Be2  g6
21. Nxf6+  Qxf6  22. Red1
Nc4  23. Bxc4  Rxc4
24. Qa6  Qe7  25. Rd3
Rfc8  26. Rc2  Qd7
27. Qa3  b5  28. Qb3
b4  29. g3  Qc7
30. Kf1  bxc3  31. Qa3  a5
32. h4  h5  33. Kg2
a4  34. Kf1  Qc6
35. Ke2  Qb5  36. Ke3
Qb1  37. Rc1  Qb2
38. Qxb2  cxb2  39. Rb1
Rb8  40. Kd2  Rbb4
41. a3  Rb5  42. Kd1
Kf8  43. Kd2  Ke7
44. f3  Kd6  45. f4
f6  46. Kd1  e5
47. dxe5+  fxe5  48. fxe5+  Kxe5
49. Kd2  d4  0-1

[Event "Mistrovstvi Cech 2019 - HD16"]
[Site "Prichovice u Korenova"]
[Date "2019.11.01"]
[Round "8"]
[White "Kulhanek, Jachym"]
[Black "Bartos, Vaclav"]
[Result "1/2-1/2"]
[WhiteElo "1777"]
[BlackElo "1921"]
[EventDate "2019.10.26"]

1. e4  e6  2. d3  d5
3. Nd2  Nf6  4. Ngf3
Bc5  5. Be2  O-O
6. O-O  Be7  7. h3
c5  8. Nh2  Nc6
9. f4  dxe4  10. Nxe4  Nxe4
11. dxe4  Qd4+  12. Qxd4
Nxd4  13. Bd1  b6
14. Nf3  Bb7  15. c3
Nxf3+  16. Bxf3  Rad8
17. Be3  Rd3  18. e5
Bxf3  19. Rxf3  Rfd8
20. Re1  g6  21. Kf1
c4  22. Ke2  Bc5
23. Bxc5  Rd2+  24. Kf1
bxc5  25. Rf2  R2d3
26. Rf3  Rxf3+  27. gxf3
Rb8  28. Re2  Kg7
29. Kf2  Kh6  30. Kg3
Rb6  31. Kg4  Ra6
32. a3  Kg7  33. Kg3
f6  34. exf6+  Kxf6
35. Re5  Ra5  36. Re4
Ra4  37. Re5  1/2-1/2

[Event "Mistrovstvi Cech 2019 - HD16"]
[Site "Prichovice u Korenova"]
[Date "2019.11.01"]
[Round "8"]
[White "Husa, Daniel"]
[Black "Flajsman, Petr"]
[Result "1-0"]
[WhiteElo "1832"]
[BlackElo "1761"]
[EventDate "2019.10.26"]

1. d4 Nf6 2. c4 e6 3. Nf3 c5 4. g3 d5 5. Bg2 Nc6 6. O-O cxd4 7. Nxd4 Qb6 8. Nxc6
bxc6 9. Qc2 Bb7 10. Rd1 Bc5 11. e3 O-O 12. Nc3 Be7 13. Bd2 Rfd8 14. Be1 Rac8 15.
Rac1 h6 16. Na4 Qc7 17. cxd5 exd5 18. Nc5 Bxc5 19. Qxc5 Qb6 20. Qa3 a6 21. Ba5
Qa7 22. Bxd8 Rxd8 23. Qc5 Qxc5 24. Rxc5 Nd7 25. Rc2 Re8 26. e4 Nf6 27. exd5 cxd5
28. Rc7 Rb8 29. Re1 Ne8 30. Rxb7 1-0

[Event "Mistrovstvi Cech 2019 - HD16"]
[Site "Prichovice u Korenova"]
[Date "2019.11.01"]
[Round "8"]
[White "Ruzicka, Filip"]
[Black "Lieber, Lukas"]
[Result "1-0"]
[WhiteElo "1792"]
[BlackElo "1669"]
[EventDate "2019.10.26"]

1. Nf3  Nc6  2. g3  e5
3. d3  d5  4. Bg2
Nf6  5. O-O  Be7
6. Nbd2  O-O  7. e4
h6  8. exd5  Nxd5
9. Nc4  Bf6  10. Re1
Re8  11. h3  Nb6
12. Ne3  Be6  13. c3
Qd7  14. Kh2  Rad8
15. Bf1  Bf5  16. Nxf5
Qxf5  17. Be3  Nd5
18. Qe2  e4  19. dxe4
Rxe4  20. Qc2  Ne5
21. Nd4  Qh7  22. Bg2
Rxd4  23. Qxh7+  Kxh7
24. Bxd4  Nc4  25. Rad1
c6  26. Bxf6  gxf6
27. b3  1-0